プロ野球スピリッツA【プロスピA】 覚醒選手名(2024年シリーズ) - Statistics

General Stats
  • This quiz has been taken 76 times
  • The average score is 24 of 60
Answer Stats
Hint 選手名 % Correct
ドラ1ルーキー 度会隆輝
68%
ドラ1ルーキー 西舘勇陽
61%
ドラ1ルーキー 下村海翔
61%
ドラ1ルーキー 西舘昂汰
61%
ドラ1ルーキー 草加勝
61%
ドラ1ルーキー 前田悠伍
61%
ドラ1ルーキー 常廣羽也斗
56%
ドラ1ルーキー 上田希由翔
56%
ドラ1ルーキー 武内夏暉
56%
新戦力 水谷瞬
56%
ユーティリティプレイヤー 植田海
56%
新戦力 佐々木千隼
54%
新戦力 馬場皐輔
51%
助っ人外国人 J.ゲラ
51%
助っ人外国人 K.ケラー
51%
ドラ1ルーキー 古謝樹
49%
新戦力 漆原大晟
49%
新戦力 櫻井周斗
49%
新戦力 中村祐太
49%
ドラ1ルーキー 細野晴希
46%
新戦力 愛斗
46%
助っ人外国人 D.ヘルナンデス
46%
新戦力 内間拓馬
44%
助っ人外国人 T.ハーン
44%
新戦力 長谷川威展
41%
ユーティリティプレイヤー 野村勇
41%
ユーティリティプレイヤー 若林晃弘
41%
助っ人外国人 A.ディカーソン
41%
助っ人外国人 R.ウィック
41%
新戦力 鈴木博志
39%
期待の若手 田中晴也
39%
ドラ1ルーキー 横山聖哉
37%
新戦力 梅野雄吾
37%
助っ人外国人 J.コルデロ
37%
新戦力 北村拓己
34%
期待の若手 井上広大
34%
期待の若手 村田賢一
34%
期待の若手 村田怜音
34%
ユーティリティプレイヤー 井上絢登
34%
ユーティリティプレイヤー 二俣翔一
34%
ユーティリティプレイヤー 大下誠一郎
34%
助っ人外国人 J.ヤン
34%
期待の若手 田村俊介
32%
ユーティリティプレイヤー 郡拓也
32%
助っ人外国人 C.トーマス
32%
ユーティリティプレイヤー 山田遥楓
29%
助っ人外国人 A.ザバラ
29%
ユーティリティプレイヤー 山足達也
27%
助っ人外国人 C.ポンセ
27%
期待の若手 阪口樂
24%
ユーティリティプレイヤー 樋口正修
22%
助っ人外国人 J.エスパーダ
22%
期待の若手 松本凌人
20%
期待の若手 松本健吾
20%
期待の若手 辰見鴻之介
20%
ユーティリティプレイヤー 宮本丈
20%
ユーティリティプレイヤー 髙松渡
20%
期待の若手 山瀬慎之助
17%
期待の若手 土生翔太
15%
期待の若手 才木海翔
15%
No matching quizzes found
Score Distribution
Percent of People with Each Score
Percentile by Number Answered
Your Score History
You have not taken this quiz